000 00508nam a2200133Ia 4500
005 20260209120154.0
008 260209s9999||||xx |||||||||||||| ||und||
100 _aArnav Raj
245 0 _aBalancing justice and mercy : an analysis of premature release policies for prisoners in India
260 _aBangaloreBangalore
_bNLSIU, Bangalore
_c2024 - 2025
300 _a38 p. ; 25 cm.
700 _aDr. Noor Ameena - SupervisorDr. Noor Ameena - Supervisor
856 _uhttps://dans.nls.ac.in/handle/123456789/2454
999 _c217840
_d217840